| 000 | 01080nam a2200349Ia 4500 | ||
|---|---|---|---|
| 003 | OSt | ||
| 005 | 20220912144728.0 | ||
| 006 | a|||||r|||| 00| 0 | ||
| 007 | ta | ||
| 008 | 220909b |||||||| |||| 00| 0 eng d | ||
| 020 | _a9781405114165 (pbk) | ||
| 020 | _aSL01558822 | ||
| 024 | _a186726 | ||
| 037 | _b1785, 16/08/2012, Ashutosh Technical Books | ||
| 037 | _cTextbook | ||
| 040 |
_aCSL _beng _cCSL |
||
| 041 | _aeng | ||
| 082 | _aG:66, M1;Q2 TK | ||
| 100 | _aDavies Nicholas B; Krebs John R; West Stuart A | ||
| 245 | 0 | _aIntroduction to behavioural ecology | |
| 250 | _a4 | ||
| 260 |
_aWest Sessex _bJohnWiley _c2012 |
||
| 300 | _axiii,506p. | ||
| 500 | _aReference 442-488p.; Index 489-502p. | ||
| 650 | _a Behavioural ecology | ||
| 650 | _a Ecology | ||
| 650 | _a Ecology- evolution | ||
| 650 | _aZoology | ||
| 700 | _aDavies Nicholas B; Krebs John R; West Stuart A | ||
| 942 |
_hG:66, M1;Q2 TK _cTB _2CC |
||
| 999 |
_c16814 _d16814 |
||